Rozpracovanie plánu personálneho a sociálneho rozvoja za Slovenské energetické podniky - Vodné elektrárne, koncernový podnik Trenčín, s osobitným zreteľom na oblasť sociálneho rozvoja záverečná práca postgraduálneho štúdia

Saved in:
Bibliographic Details
Main Author: Lobotková, Monika
Corporate Author: Vysoká škola ekonomická v Bratislave
Other Authors: Stanek, Vojtech
Format: Book
Language:Slovak
Published: Bratislava 1988
Tags: Add Tag
No Tags, Be the first to tag this record!

MARC

LEADER 00000nam a2200000 4500
001 c026154
005 20260108081554.7
041 0 |a slo 
044 |a SK 
245 1 0 |a Rozpracovanie plánu personálneho a sociálneho rozvoja za Slovenské energetické podniky - Vodné elektrárne, koncernový podnik Trenčín, s osobitným zreteľom na oblasť sociálneho rozvoja  |b záverečná práca postgraduálneho štúdia  |c Monika Lobotková ; Ved. práce Vojtech Stanek 
264 1 |a Bratislava  |c 1988 
300 |a 70 s. 
100 1 |a Lobotková, Monika 
700 1 |a Stanek, Vojtech 
710 2 |a Vysoká škola ekonomická v Bratislave